000 00548nam a2200205Ia 4500
005 20250923145055.0
008 008 250917s9999 xx 000 0 eng d
037 _aTextual
040 _aDSWL
_beng
_cDSWL
041 _aeng
_2eng
084 _qDSWL
100 _aCrouch, Harold
_9831510
245 0 _aTrade unions and politics in India
_cby Harold Crouch
260 _aBombay
_bManaktals & Sons Pvt. Ltd.
_c1966
300 _a61p.
365 _aINR
_b28.00
925 _g28.00
942 _cTEXL
999 _c1446769
_d1446769